000 00527nam a22001697a 4500
999 _c8332
_d8332
008 201113b ||||| |||| 00| 0 eng d
040 _aBMS College of Architecture
100 _aShariff, Idris Ahamed
245 _aThe essence of automobiles
300 _a21p.
500 _a1BM15AT034
502 _8B,Arch
_NBMS College of Architecture, Visvesvaraya Technological University (VTU)
_aProject report
_d2019
650 _aAutomobiles
700 _aMaithily Velangi
_eGuide
700 _aPraveen Alva
_eGuide
942 _2ddc
_cTHE